[Event "Superettan(Rockaden,Umea-Orebro)"]
[Site "?"]
[Date "2008.10.25"]
[Round "1"]
[White "Drugge, Patrick"]
[Black "Malmstig, Erik"]
[Result "1-0"]
[WhiteElo "2251"]
[BlackElo "2340"]
[PlyCount "72"]
[EventDate "2008.11.21"]
[SourceDate "2008.11.21"]

1. e4 d6 2. d4 Nf6 3. Nc3 e5 4. dxe5 dxe5 5. Qxd8+ Kxd8 6. Bc4 Be6 7. Bxe6 fxe6
8. Nf3 Nbd7 9. Ng5 Ke7 10. b3 h6 11. Ba3+ c5 12. Nf3 a6 13. Bb2 g5 14. Ne2 Nxe4
15. Nxe5 Nxe5 16. Bxe5 Rg8 17. f3 Nd6 18. O-O-O Nf7 19. Bb2 Bg7 20. Bxg7 Rxg7
21. Nc3 Rc8 22. Rhe1 Rc6 23. Re3 Rg6 24. Ne4 c4 25. Kb2 b5 26. b4 a5 27. bxa5
Rg8 28. Nc3 Nd6 29. Nd5+ Kf7 30. Nb4 c3+ 31. Kb3 Nc4 32. Nxc6 Nxe3 33. Rd7+ Kf6
34. a6 Nxg2 35. Nd8 g4 36. a7 gxf3 1-0

[Event "Superettan(Rockaden,Umea-Orebro)"]
[Site "?"]
[Date "2008.10.25"]
[Round "1"]
[White "Forsberg, Viktor"]
[Black "Gruvaeus, Curt"]
[Result "1/2-1/2"]
[WhiteElo "2325"]
[BlackElo "2372"]
[PlyCount "60"]

1. c4 f5 2. g3 Nf6 3. Bg2 g6 4. Nc3 Bg7 5. d3 O-O 6. e4 d6 7. Nge2 c5 8. exf5
gxf5 9. O-O Nc6 10. Rb1 Be6 11. b3 Bf7 12. Bg5 h6 13. Bh4 Qd7 14. Qd2 Ng4 15.
f4 e6 16. h3 Nf6 17. a3 d5 18. cxd5 exd5 19. b4 cxb4 20. axb4 d4 21. Bxf6 Bxf6
22. Na4 Bd5 23. Nc5 Qf7 24. Bxd5 Qxd5 25. Nxb7 Rab8 26. Na5 Nxb4 27. Rxb4 Qxa5
28. Rb2 Qd5 29. Rxb8 Rxb8 30. Ra1 Rb7 1/2-1/2

[Event "Superettan(Rockaden,Umea-Orebro)"]
[Site "?"]
[Date "2008.10.25"]
[Round "1"]
[White "Lind, Jan-Olov"]
[Black "Lindgren, Fredrik"]
[Result "1-0"]
[WhiteElo "2229"]
[BlackElo "2262"]
[PlyCount "83"]

1. e4 c5 2. Nf3 Nc6 3. d3 d6 4. g3 g6 5. Bg2 Bg7 6. O-O e5 7. c3 Nge7 8. a3 O-O
9. b4 b6 10. Bb2 h6 11. h3 Be6 12. Nbd2 Rc8 13. Kh2 b5 14. Qe2 a5 15. a4 cxb4
16. axb5 bxc3 17. Bxc3 Na7 18. Bxa5 Qd7 19. Nc4 Rb8 20. b6 Nac6 21. Rfb1 Bxc4
22. dxc4 Rb7 23. c5 dxc5 24. Qc4 Nd4 25. Nxd4 cxd4 26. Bf1 Ra8 27. Qb3 Qd8 28.
Bc4 Nc6 29. Bd5 Rxa5 30. Rxa5 Nxa5 31. Qb5 Qf6 32. Kg2 Rb8 33. Qxa5 Bf8 34. b7
Bd6 35. Qb6 Be7 36. Qc7 Bd6 37. Qd7 Rd8 38. Qc6 Qe7 39. Rb6 Bb8 40. Qxg6+ Kf8
41. Qxh6+ Ke8 42. Bc6+ 1-0

[Event "Superettan(Rockaden,Umea-Orebro)"]
[Site "?"]
[Date "2008.10.25"]
[Round "1"]
[White "Nygren, David"]
[Black "Fransson, Peter"]
[Result "0-1"]
[WhiteElo "2244"]
[BlackElo "2339"]
[PlyCount "122"]

1. e4 d6 2. d4 Nf6 3. Nc3 c6 4. Nf3 Bg4 5. Be3 Nbd7 6. a4 Qa5 7. h3 Bxf3 8.
Qxf3 Qb4 9. Rb1 e5 10. d5 cxd5 11. exd5 Rc8 12. Bd2 a6 13. Bd3 Be7 14. Bf5 Qc4
15. g4 h6 16. b3 Qd4 17. Qe3 g6 18. Qxd4 exd4 19. Bxd7+ Kxd7 20. Ne2 Rxc2 21.
Nxd4 Rc5 22. O-O Rxd5 23. Be3 h5 24. g5 Ne4 25. f4 Rc8 26. Rbc1 Rc3 27. Rxc3
Nxc3 28. Kg2 Rc5 29. h4 Nd5 30. Bg1 f5 31. Kg3 Rc3+ 32. Rf3 Bd8 33. Rxc3 Nxc3
34. Kf3 b5 35. axb5 Nxb5 36. Nc2 Ba5 37. b4 Bc7 38. Ke2 d5 39. Be3 Bd6 40. Kd3
Nc7 41. Ke2 Ne6 42. Kf3 Kc6 43. Bd2 d4 44. Ne1 Kd5 45. Nd3 Nf8 46. Nb2 Nd7 47.
Na4 Bf8 48. Be1 Kc6 49. Nb2 Nb6 50. Ke2 Bd6 51. Kd3 Nd5 52. Kxd4 Nxf4 53. Nc4
Ne6+ 54. Ke3 Bc7 55. Kd3 Kd5 56. Ne3+ Ke5 57. Bc3+ Kf4 58. Ke2 Ke4 59. Nc4 Nf4+
60. Kf2 Kd3 61. Be5 Kxc4 0-1

[Event "Superettan(Rockaden,Umea-Orebro)"]
[Site "?"]
[Date "2008.10.25"]
[Round "1"]
[White "Jonsson, Krister"]
[Black "Mardell, Jimmy"]
[Result "0-1"]
[WhiteElo "2102"]
[BlackElo "2233"]
[PlyCount "77"]

1. d4 Nf6 2. c4 e6 3. Nf3 b6 4. Nc3 Bb4 5. Bg5 h6 6. Bh4 Bb7 7. Qc2 O-O 8. e3
d6 9. Bd3 Nbd7 10. O-O Bxc3 11. bxc3 c5 12. Nd2 Qc7 13. f4 d5 14. Rac1 Rac8 15.
Qb3 dxc4 16. Bxc4 Bd5 17. f5 Rfe8 18. fxe6 Bxc4 19. Qxc4 Rxe6 20. Bg3 Qd8 21.
Qd3 Qe8 22. Rce1 Rd8 23. d5 Nxd5 24. Qxd5 Nf6 25. Qb7 Re7 26. Qf3 Rxd2 27. Bh4
Re6 28. Rf2 Qd7 29. Bxf6 Rxf2 30. Qxf2 Rxf6 31. Qe2 Rd6 32. Qf3 Rd2 33. Rf1 Qd5
34. e4 Qxa2 35. h4 Qe6 36. Qf4 Rd8 37. Qc7 Rd7 38. Qc8+ Kh7 39. Qf8 0-1

[Event "Superettan(Rockaden,Umea-Orebro)"]
[Site "?"]
[Date "2008.10.25"]
[Round "1"]
[White "Hammar, Ulf"]
[Black "Larsson, Patrik"]
[Result "1-0"]
[WhiteElo "2220"]
[BlackElo "2081"]
[PlyCount "39"]

1. d4 f5 2. Nc3 d5 3. Bg5 c6 4. e3 Nf6 5. Bxf6 exf6 6. Bd3 Be6 7. Qf3 Qd7 8.
Nge2 g6 9. O-O-O b5 10. h3 Na6 11. Nf4 Bf7 12. g4 fxg4 13. hxg4 Bg7 14. e4 Nb4
15. exd5 Bxd5 16. Nfxd5 Nxd3+ 17. Qxd3 cxd5 18. Rxh7 Bh6+ 19. Rxh6 Rxh6 20.
Qe3+ 1-0

[Event "Superettan(Rockaden,Umea-Orebro)"]
[Site "?"]
[Date "2008.10.25"]
[Round "1"]
[White "Blomstrom, Lars"]
[Black "Engman, Rickard"]
[Result "1/2-1/2"]
[WhiteElo "2070"]
[BlackElo "2209"]
[PlyCount "89"]

1. e4 e5 2. Nf3 Nc6 3. Bb5 a6 4. Ba4 Nf6 5. O-O Bc5 6. c3 b5 7. Bb3 d6 8. d4
Bb6 9. Qd3 O-O 10. Bg5 h6 11. Bh4 exd4 12. cxd4 Bg4 13. Nbd2 Re8 14. Rfe1 Bh5
15. a4 g5 16. Nxg5 hxg5 17. Bxg5 Bxd4 18. Qg3 Bg6 19. axb5 axb5 20. Rxa8 Qxa8
21. Bxf6 Kf8 22. Qh4 Bxf6 23. Qxf6 Ne5 24. Nf1 Nd7 25. Qh4 Nc5 26. Bc2 Qa2 27.
e5 Rxe5 28. Rxe5 dxe5 29. Qh8+ Ke7 30. Qxe5+ Ne6 31. Bxg6 fxg6 32. Qxb5 c5 33.
h4 Qd5 34. Ne3 Qe4 35. Qe2 Kd8 36. Qd2+ Nd4 37. Kf1 Qb1+ 38. Nd1 Kc8 39. f3 Nb3
40. Qd5 Qc2 41. Kg1 Nd4 42. Kh2 Qxd1 43. Qxc5+ Kd7 44. Qd5+ Ke7 45. h5 1/2-1/2

[Event "Superettan(Rockaden,Umea-Orebro)"]
[Site "?"]
[Date "2008.10.25"]
[Round "1"]
[White "Larsson, Johan"]
[Black "Sundelius, Per"]
[Result "1/2-1/2"]
[WhiteElo "2173"]
[BlackElo "1952"]
[PlyCount "167"]

1. d4 Nf6 2. Bg5 Ne4 3. Bf4 d5 4. f3 Nf6 5. e4 dxe4 6. Nc3 e3 7. Bxe3 Nbd7 8.
Qd2 e6 9. Bb5 c6 10. Ba4 Be7 11. Nge2 O-O 12. Bb3 Nd5 13. Nxd5 exd5 14. O-O-O
b5 15. c3 Re8 16. Bc2 Nf8 17. g4 a5 18. g5 a4 19. Ng3 Qa5 20. a3 Qc7 21. Qf2
Bd6 22. Kb1 Bf4 23. Rde1 Bd7 24. Nh5 Bxe3 25. Rxe3 Rxe3 26. Qxe3 Re8 27. Qd2
Qd6 28. Nf4 Ng6 29. Bxg6 hxg6 30. Kc1 Bf5 31. Kd1 Qe7 32. h4 Qe3 33. Qxe3 Rxe3
34. Rf1 Kf8 35. Kd2 Re8 36. Re1 Rxe1 37. Kxe1 Ke7 38. Ke2 Kd6 39. Ke3 Kd7 40.
Ne2 Ke6 41. Kf4 Bd3 42. Ng3 Bc2 43. h5 gxh5 44. Nxh5 g6 45. Nf6 Bf5 46. Ng8 Kd6
47. Nf6 Ke6 48. Ne8 Bc2 49. Nc7+ Kd6 50. Na6 Bf5 51. Nc5 Bc2 52. Ke3 Bf5 53. b3
axb3 54. Nxb3 Bc2 55. Nc5 Bf5 56. Kd2 Kc7 57. Kc1 Kd6 58. Kb2 Kc7 59. Kb3 Bb1
60. Kb4 Bc2 61. Ka5 Bd1 62. f4 Bc2 63. Ka6 Bf5 64. Ka7 Bc8 65. Nd3 Bf5 66. Ne5
Be6 67. Ka6 Bc8+ 68. Ka5 Be6 69. a4 bxa4 70. Kxa4 Kb7 71. Ka5 Kc7 72. Ka6 Bc8+
73. Ka7 Be6 74. Nd3 Bg4 75. Ne5 Be6 76. Ka6 Bc8+ 77. Ka5 Be6 78. Kb4 Kd6 79.
Nd3 Bf5 80. Nc5 Bc8 81. Ka5 Kc7 82. Kb4 Kd6 83. Ka5 Kc7 84. Kb4 1/2-1/2

[Event "Superettan(Eksjo-Stockholms SS)"]
[Site "?"]
[Date "2008.10.25"]
[Round "1"]
[White "Uddenfeldt, Dan"]
[Black "Ornstein, Axel"]
[Result "1-0"]
[WhiteElo "2412"]
[BlackElo "2453"]
[PlyCount "57"]

1. c4 c5 2. Nc3 Nf6 3. g3 e6 4. Nf3 b6 5. Bg2 Bb7 6. O-O Be7 7. a3 O-O 8. Rb1
Nc6 9. d3 d5 10. Bf4 d4 11. Na4 Nd7 12. b4 g5 13. Bd2 Rb8 14. bxc5 bxc5 15. e3
Qc7 16. e4 g4 17. Ne1 Nce5 18. Bh6 Rfe8 19. f4 gxf3 20. Nxf3 Ng6 21. Ng5 Bxg5
22. Bxg5 Bc6 23. Nb2 Rb7 24. Qh5 f6 25. Bxf6 Reb8 26. Bh3 Nxf6 27. Rxf6 Qe5 28.
Rxg6+ hxg6 29. Qxe5 1-0

[Event "Superettan(Eksjo-Stockholms SS)"]
[Site "?"]
[Date "2008.10.25"]
[Round "1"]
[White "Vernersson, Per"]
[Black "Bergstrom, Rolf"]
[Result "1-0"]
[WhiteElo "2456"]
[BlackElo "2365"]
[PlyCount "111"]

1. Nf3 Nf6 2. c4 c5 3. Nc3 e6 4. e3 d5 5. d4 a6 6. a3 Nc6 7. cxd5 exd5 8. Be2
cxd4 9. Nxd4 Bd6 10. O-O O-O 11. Nf3 Be6 12. b4 Qe7 13. Bb2 Rad8 14. b5 Na5 15.
Nd4 axb5 16. Ncxb5 Bb8 17. a4 Rfe8 18. Ba3 Qd7 19. Nxe6 fxe6 20. Bb4 Nc6 21.
Bc3 e5 22. Bb2 Kh8 23. Rc1 d4 24. exd4 exd4 25. Bd3 Qd5 26. Ba3 Qe5 27. g3 Qe6
28. Re1 Qd5 29. Rxe8+ Rxe8 30. Bf1 Ne4 31. Bg2 Qd7 32. Qd3 Nf6 33. Rd1 Rd8 34.
Bc5 Be5 35. Bb6 Rf8 36. f4 Bxf4 37. gxf4 Nd5 38. Bxd5 Qxd5 39. Bxd4 Qa2 40. Qg3
Nxd4 41. Rxd4 Qb1+ 42. Kg2 Qc2+ 43. Qf2 Qg6+ 44. Kf1 Qc6 45. Kg1 Qg6+ 46. Qg3
Qb1+ 47. Kg2 Qc2+ 48. Kh3 Qe2 49. Qd3 Qe6+ 50. Kg3 h5 51. h3 g5 52. Rd7 h4+ 53.
Kg2 Qa2+ 54. Qd2 Qxd2+ 55. Rxd2 Rxf4 56. Rd4 1-0

[Event "Superettan(Eksjo-Stockholms SS)"]
[Site "?"]
[Date "2008.10.25"]
[Round "1"]
[White "Henriksson, Johan"]
[Black "Krantz, Christopher"]
[Result "1/2-1/2"]
[WhiteElo "2306"]
[BlackElo "2214"]
[PlyCount "144"]

1. d4 e6 2. Nf3 Nf6 3. g3 d5 4. Bg2 Be7 5. O-O Nbd7 6. c4 O-O 7. b3 c6 8. Nc3
b6 9. Nd2 Bb7 10. e4 dxe4 11. Ndxe4 Nxe4 12. Nxe4 Nf6 13. Bb2 Nxe4 14. Bxe4 Bf6
15. Qf3 Qc7 16. h4 Rad8 17. Rad1 Rd7 18. Rd2 c5 19. Bxb7 Qxb7 20. Qxb7 Rxb7 21.
dxc5 Bxb2 22. Rxb2 bxc5 23. Rd1 h5 24. Rbd2 a5 25. Rd7 Rb4 26. Rc7 a4 27. Rd3
axb3 28. axb3 g6 29. Rf3 e5 30. Rxc5 e4 31. Re3 f5 32. Ra5 Rd8 33. Ra1 Rd2 34.
Rc1 Kf7 35. c5 Ke7 36. c6 Rbd4 37. c7 Rd1+ 38. Re1 Rxe1+ 39. Rxe1 Kd7 40. Rc1
Kc8 41. Rc6 Rb4 42. Rc3 Rd4 43. Kf1 Rd2 44. Rc6 Rb2 45. Rxg6 Rxb3 46. Rg5 Rf3
47. Kg2 Kxc7 48. Rxh5 Kd7 49. Rg5 Ke6 50. h5 Ra3 51. h6 Ra7 52. Rg6+ Ke5 53.
Rb6 Rh7 54. Kh3 f4 55. Kg4 fxg3 56. fxg3 e3 57. Kg5 e2 58. Rb1 Rh8 59. Re1 Rg8+
60. Kh5 Kf5 61. Rxe2 Rg5+ 62. Kh4 Rg4+ 63. Kh3 Rg6 64. g4+ Kg5 65. Re5+ Kxh6
66. Rh5+ Kg7 67. Kg3 Ra6 68. Rb5 Kg6 69. Rb4 Rd6 70. Kf4 Ra6 71. g5 Rc6 72. Kg4
Ra6 1/2-1/2

[Event "Superettan(Eksjo-Stockholms SS)"]
[Site "?"]
[Date "2008.10.25"]
[Round "1"]
[White "de Verdier, Michael"]
[Black "Asberg, Anders"]
[Result "1-0"]
[WhiteElo "2255"]
[BlackElo "2201"]
[PlyCount "103"]

1. Nf3 g6 2. d4 Nf6 3. c4 c5 4. g3 cxd4 5. Nxd4 Bg7 6. Bg2 O-O 7. Nc3 Nc6 8.
O-O Qb6 9. Nb3 d6 10. Be3 Qd8 11. c5 Ng4 12. Bf4 e5 13. Bc1 dxc5 14. Nxc5 Qe7
15. N5e4 Be6 16. Qd6 Rab8 17. Qxe7 Nxe7 18. Nc5 Bc8 19. Rd1 Nf6 20. Bg5 Nf5 21.
e3 b6 22. Bxf6 bxc5 23. Bxg7 Nxg7 24. b3 Ne6 25. Rac1 Kg7 26. Na4 Rb5 27. Rd2
Ra5 28. Rcc2 Re8 29. Rd5 e4 30. Nxc5 Nxc5 31. Rdxc5 Rxc5 32. Rxc5 Rd8 33. Bxe4
Rd1+ 34. Kg2 Ba6 35. Rc7 Bf1+ 36. Kf3 a6 37. g4 h6 38. h4 Rd2 39. Rc2 Rd1 40.
Kg3 Rd6 41. Bg2 Bb5 42. Bf3 Kf6 43. Be2 Bd7 44. Rc7 Rd2 45. Bxa6 Be6 46. Bc4
Rxa2 47. Bxe6 fxe6 48. Rh7 Rb2 49. Rb7 Rc2 50. f4 g5 51. fxg5+ hxg5 52. h5 1-0

[Event "Superettan(Eksjo-Stockholms SS)"]
[Site "?"]
[Date "2008.10.25"]
[Round "1"]
[White "Nilsson, Mats"]
[Black "Thornert, Hakan"]
[Result "0-1"]
[WhiteElo "2185"]
[BlackElo "2204"]
[PlyCount "56"]

1. d4 d5 2. c4 e5 3. dxe5 d4 4. Nf3 Nc6 5. g3 Nge7 6. Bg2 Ng6 7. Qb3 Bb4+ 8.
Bd2 a5 9. a3 a4 10. Qc2 Be7 11. b4 axb3 12. Qxb3 O-O 13. O-O Ngxe5 14. Nxe5
Nxe5 15. Bf4 Ng6 16. Bc1 Bf6 17. Ra2 Re8 18. Rd2 Qe7 19. Bb2 c5 20. Bd5 Bh3 21.
Re1 Ne5 22. e3 Rad8 23. Bg2 Qe6 24. Qxb7 Nxc4 25. Rc2 Rb8 26. Bxh3 Qxh3 27. Qc6
Rec8 28. Qxc8+ Qxc8 0-1

[Event "Superettan(Eksjo-Stockholms SS)"]
[Site "?"]
[Date "2008.10.25"]
[Round "1"]
[White "Andersson, Johan"]
[Black "Evertsson, Lennart"]
[Result "0-1"]
[WhiteElo "2148"]
[BlackElo "2136"]
[PlyCount "78"]

1. e4 e6 2. Nf3 c5 3. Nc3 a6 4. d4 cxd4 5. Nxd4 Qc7 6. g3 b5 7. Bg2 b4 8. Na4
Bb7 9. O-O Nf6 10. Re1 Nc6 11. c3 bxc3 12. Nxc3 Nxd4 13. Qxd4 Bc5 14. Qd1 h5
15. Be3 Ng4 16. Bxc5 Qxc5 17. Qe2 Rc8 18. Rad1 Ne5 19. Qe3 h4 20. Qxc5 Rxc5 21.
Na4 Rc2 22. Rc1 Rxc1 23. Rxc1 Ke7 24. f4 Nd3 25. Rd1 Bc6 26. Rxd3 h3 27. Bxh3
Rxh3 28. Nc3 Rh5 29. g4 Rh4 30. Rg3 Kd6 31. h3 Kc5 32. e5 g5 33. fxg5 Kd4 34.
Kf2 Kxe5 35. Ne2 Rh8 36. Re3+ Be4 37. Kg3 Rb8 38. b3 d5 39. Nc3 Kd4 0-1

[Event "Superettan(Eksjo-Stockholms SS)"]
[Site "?"]
[Date "2008.10.25"]
[Round "1"]
[White "Braathen, Tom"]
[Black "Ghazi Al-Saadi, Ali"]
[Result "1/2-1/2"]
[WhiteElo "2103"]
[BlackElo "1983"]
[PlyCount "135"]

1. e4 e5 2. Nf3 Nc6 3. Bb5 a6 4. Ba4 Nf6 5. O-O b5 6. Bb3 Be7 7. Re1 O-O 8. d4
exd4 9. e5 Ne8 10. Nxd4 Nxd4 11. Qxd4 Bb7 12. c3 d6 13. Bf4 dxe5 14. Bxe5 Qxd4
15. Bxd4 Bd6 16. Nd2 c5 17. Be5 Rd8 18. Nf1 c4 19. Bc2 Bxe5 20. Rxe5 Nf6 21. a4
Rfe8 22. Rxe8+ Rxe8 23. axb5 axb5 24. Ra7 Rb8 25. Ne3 g6 26. f3 h5 27. Kf2 Ne8
28. Bd1 Nd6 29. Nc2 Ra8 30. Rxa8+ Bxa8 31. Ke3 Nf5+ 32. Kf4 Bc6 33. g4 hxg4 34.
fxg4 Ne7 35. Ke5 Nc8 36. g5 Kf8 37. Nb4 Bd7 38. h4 Be6 39. Bf3 Nb6 40. Bc6 Na4
41. Bxb5 Nxb2 42. Nc2 Nd3+ 43. Kd6 Nf2 44. Nd4 Ne4+ 45. Ke5 Nxc3 46. Nxe6+ fxe6
47. Bxc4 Kg7 48. Bxe6 Ne2 49. Bg4 Nc3 50. Bf3 Nb5 51. Kd5 Kf8 52. Kc5 Nc7 53.
Be4 Kg7 54. Bd5 Kh7 55. Kd6 Nb5+ 56. Kc5 Nc7 57. Kc6 Ne8 58. Kd7 Ng7 59. Ke7
Nf5+ 60. Kf6 Nxh4 61. Be4 Kh8 62. Kf7 Kh7 63. Bd3 Kh8 64. Be2 Kh7 65. Bg4 Kh8
66. Kf6 Kh7 67. Ke5 Kg7 68. Kf4 1/2-1/2

[Event "Superettan(Eksjo-Stockholms SS)"]
[Site "?"]
[Date "2008.10.25"]
[Round "1"]
[White "Akvist, Hakan"]
[Black "Carlsten, Peter"]
[Result "1-0"]
[WhiteElo "2145"]
[BlackElo "2109"]
[PlyCount "88"]

1. d4 f5 2. g3 Nf6 3. Bg2 g6 4. Nf3 Bg7 5. O-O O-O 6. c4 Qe8 7. Nc3 d6 8. d5 c6
9. Be3 Na6 10. Rc1 Bd7 11. Qd2 Ng4 12. Bf4 Rb8 13. b3 c5 14. Rfe1 b5 15. Nxb5
Bxb5 16. cxb5 Qxb5 17. e4 Rfe8 18. Bf1 Qb6 19. exf5 gxf5 20. Bd3 Nc7 21. Bxf5
Nf6 22. Bh6 Bxh6 23. Qxh6 Ncxd5 24. Rc4 e5 25. Bxh7+ Kf7 26. Bg6+ Ke7 27. Qg7+
Kd8 28. Bxe8 Nxe8 29. Qf7 Ndc7 30. Rh4 Kc8 31. Ng5 Qc6 32. Rh8 Kb7 33. Qf3 Kb6
34. Qxc6+ Kxc6 35. h4 Rb4 36. h5 Rg4 37. Nf3 e4 38. Nh2 Rg5 39. Rxe4 Nf6 40.
Rh4 Rd5 41. h6 Rd1+ 42. Kg2 d5 43. h7 d4 44. Rh6 Ncd5 1-0

[Event "Superettan(Vastervik-Schack 08)"]
[Site "?"]
[Date "2008.10.25"]
[Round "1"]
[White "Renman, Nils-Gustaf"]
[Black "Ask, Josef"]
[Result "1-0"]
[WhiteElo "2423"]
[BlackElo "2228"]
[PlyCount "105"]

1. d4 e6 2. e4 c5 3. d5 exd5 4. exd5 d6 5. h3 Nf6 6. Nf3 Be7 7. Nc3 O-O 8. Bd3
Na6 9. O-O Nc7 10. Re1 a6 11. a4 b6 12. Nh4 g6 13. Nf3 Nh5 14. g4 Ng7 15. Bf1
f5 16. g5 Bb7 17. Rb1 Rb8 18. b4 Nh5 19. bxc5 bxc5 20. Bc4 Rf7 21. Bd2 f4 22.
Rb6 Ba8 23. a5 Rxb6 24. axb6 Nb5 25. Nxb5 axb5 26. Bxb5 Bxd5 27. Bc3 Qa8 28.
Nh4 Ng7 29. Qd3 Bxg5 30. Nxg6 hxg6 31. Qxg6 Be7 32. Bd3 Kf8 33. Qh7 Rf6 34.
Rxe7 Kxe7 35. Bxf6+ Kxf6 36. Qg6+ Ke7 37. Qxg7+ Ke6 38. Qg6+ Ke7 39. Qg7+ Ke6
40. Bg6 Qb7 41. Qxb7 Bxb7 42. h4 Kf6 43. Bd3 d5 44. c3 Kg7 45. Bf5 Kh6 46. Bg4
Kg6 47. Kf1 Kf6 48. Ke2 Ke5 49. h5 Kf6 50. Bf3 c4 51. Kd2 Ke5 52. h6 Kf6 53.
Bh5 1-0

[Event "Superettan(Vastervik-Schack 08)"]
[Site "?"]
[Date "2008.10.25"]
[Round "1"]
[White "Sternlund, Hakan"]
[Black "Schutz, Ingemar"]
[Result "0-1"]
[WhiteElo "2230"]
[BlackElo "2224"]
[PlyCount "158"]

1. c4 e5 2. Nc3 Nf6 3. g3 c6 4. d4 exd4 5. Qxd4 d5 6. cxd5 cxd5 7. e3 Nc6 8.
Qa4 Bd7 9. Qd1 Bg4 10. Be2 Bxe2 11. Ngxe2 Qd7 12. h4 Bc5 13. Nd4 Ne5 14. Nf3
Nc6 15. a3 O-O 16. b4 Bb6 17. Na4 Bc7 18. Bb2 Ne4 19. Nc5 Qg4 20. Nxe4 dxe4 21.
Ng5 Qf5 22. g4 Qg6 23. Qe2 h6 24. Nh3 Be5 25. Nf4 Qd6 26. Rd1 Qb8 27. Nh5 Bxb2
28. Qxb2 Ne5 29. Rd5 Re8 30. Ke2 f6 31. g5 Qc8 32. Qb3 Kh8 33. Rg1 Qh3 34. Rg3
Qxh4 35. Nf4 fxg5 36. Rxe5 gxf4 37. Rxe8+ Rxe8 38. exf4 Qxf4 39. Qc3 Qf7 40.
Qd4 b6 41. Rh3 Kh7 42. Re3 Qh5+ 43. Kf1 Qh1+ 44. Ke2 Re7 45. Kd2 Qg2 46. Ke2
Qg4+ 47. Kf1 g6 48. Rg3 Qf4 49. Re3 h5 50. Rc3 Qf5 51. Re3 h4 52. Ke1 Qg4 53.
f3 Qg1+ 54. Kd2 Rc7 55. Rxe4 Qc1+ 56. Kd3 Qxa3+ 57. Kd2 Qc1+ 58. Kd3 Qd1+ 59.
Ke3 Qxd4+ 60. Kxd4 g5 61. Rg4 Kh6 62. f4 gxf4 63. Rxh4+ Kg5 64. Rh1 Re7 65.
Rg1+ Kf5 66. Kd3 f3 67. Rg8 Kf4 68. Kd2 f2 69. Rf8+ Kg3 70. Rg8+ Kh2 71. Rh8+
Kg1 72. Rg8+ Kf1 73. b5 Rd7+ 74. Kc2 Rd5 75. Rg7 Ke2 76. Re7+ Kf3 77. Rf7+ Ke3
78. Rf8 Rxb5 79. Rf7 Rb4 0-1

[Event "Superettan(Vastervik-Schack 08)"]
[Site "?"]
[Date "2008.10.25"]
[Round "1"]
[White "Karlsson, Jorgen"]
[Black "Fredriksson, Leif"]
[Result "0-1"]
[WhiteElo "2212"]
[BlackElo "2114"]
[PlyCount "72"]

1. e4 c5 2. Nf3 Nc6 3. Bb5 d6 4. O-O Bd7 5. Re1 g6 6. c3 a6 7. Bf1 Bg4 8. h3
Bxf3 9. Qxf3 Bg7 10. d3 e6 11. Qg3 Nge7 12. Nd2 b5 13. a3 O-O 14. Nf3 e5 15.
Qh4 f6 16. Nh2 Qd7 17. Be3 f5 18. Bh6 Bxh6 19. Qxh6 Kh8 20. Rad1 Ng8 21. Qd2
Nf6 22. Nf3 Rf7 23. Ng5 Rff8 24. h4 Rac8 25. g3 h6 26. Nh3 Kh7 27. Bg2 f4 28.
gxf4 Nh5 29. f5 gxf5 30. exf5 Rg8 31. Kh2 Nf6 32. Ng5+ hxg5 33. hxg5 Qxf5 34.
Bxc6 Rxg5 35. Rg1 Rh5+ 36. Kg2 Qh3# 0-1

[Event "Superettan(Vastervik-Schack 08)"]
[Site "?"]
[Date "2008.10.25"]
[Round "1"]
[White "Arvidsson, Tomas"]
[Black "Nilsson, Victor"]
[Result "1-0"]
[WhiteElo "2084"]
[BlackElo "2165"]
[PlyCount "67"]

1. e4 c5 2. Nc3 e6 3. g3 Nc6 4. Bg2 Nf6 5. f4 d5 6. e5 Nd7 7. d3 Rb8 8. a4 a6
9. Nh3 b5 10. axb5 axb5 11. O-O Be7 12. Ne2 b4 13. b3 O-O 14. Bb2 Bb7 15. Nf2
Qc7 16. Bh3 Ra8 17. Rxa8 Rxa8 18. f5 exf5 19. Nf4 Ncxe5 20. Bxf5 Nf6 21. d4
cxd4 22. Bxd4 Bc5 23. Kg2 Bxd4 24. Qxd4 Nc6 25. Qd2 d4 26. Kh3 Ne7 27. Bg4 Qc6
28. Qxb4 Ng6 29. Rg1 Nxg4 30. Nxg4 Nxf4+ 31. gxf4 Qf3+ 32. Rg3 Qf1+ 33. Kh4 Be4
34. Nf6+ 1-0

[Event "Superettan(Vastervik-Schack 08)"]
[Site "?"]
[Date "2008.10.25"]
[Round "1"]
[White "Broddefalk, Arvid"]
[Black "Dahlqvist, Ulf"]
[Result "1/2-1/2"]
[WhiteElo "2029"]
[BlackElo "1929"]
[PlyCount "113"]

1. c4 e5 2. g3 Nf6 3. Bg2 Bc5 4. Nc3 O-O 5. e3 Re8 6. Nge2 d6 7. d3 Nc6 8. O-O
Bg4 9. h3 Bh5 10. a3 a5 11. b3 Qd7 12. Bb2 h6 13. Qd2 Rab8 14. Nd5 Nh7 15. g4
Bg6 16. b4 Ba7 17. b5 Ne7 18. d4 Nxd5 19. Bxd5 h5 20. gxh5 Bxh5 21. Ng3 Qxh3
22. Bg2 Qg4 23. Nxh5 Qxh5 24. dxe5 dxe5 25. Rfd1 Nf6 26. Rac1 Bc5 27. Kf1 b6
28. Qe2 Qf5 29. Kg1 Red8 30. Qf3 Qxf3 31. Bxf3 Rxd1+ 32. Rxd1 Bd6 33. a4 Kf8
34. Bc6 Ke7 35. Kg2 Rh8 36. f3 Rh4 37. Rc1 Nd7 38. Bxd7 Kxd7 39. e4 Ke6 40. Rd1
f5 41. Re1 fxe4 42. Kg3 Rf4 43. Rxe4 Kf5 44. Rxf4+ exf4+ 45. Kh3 Be5 46. Ba3
Bc3 47. c5 Bb4 48. cxb6 cxb6 49. Bb2 Bc5 50. Bxg7 Be3 51. Bh6 Kg6 52. Bf8 Kf5
53. Bh6 Ke5 54. Kg4 Bd2 55. Bg5 Be3 56. Bh6 Bd2 57. Bg5 1/2-1/2

[Event "Superettan(Vastervik-Schack 08)"]
[Site "?"]
[Date "2008.10.25"]
[Round "1"]
[White "Stenman, Christoffer"]
[Black "Harren, Mats"]
[Result "0-1"]
[WhiteElo "1862"]
[BlackElo "2075"]
[PlyCount "120"]

1. e4 d6 2. d4 Nf6 3. Nc3 Nbd7 4. Bc4 e5 5. Nge2 c6 6. a4 b6 7. O-O Bb7 8. f3
a6 9. d5 b5 10. dxc6 bxc4 11. cxb7 Qb6+ 12. Kh1 Qxb7 13. a5 Be7 14. Nd5 Nxd5
15. Qxd5 Qxd5 16. exd5 O-O 17. Nc3 Rfc8 18. Be3 Rab8 19. Rfb1 f5 20. Ra3 Bd8
21. Kg1 h6 22. Kf2 Bg5 23. Bxg5 hxg5 24. Nd1 g6 25. Nc3 Rc5 26. b4 cxb3 27.
Raxb3 Rxb3 28. Rxb3 Rxa5 29. Rb7 Nf6 30. Rb6 Nxd5 31. Nxd5 Rxd5 32. Rxa6 Kf7
33. c4 Rd2+ 34. Kg3 Rd4 35. Rc6 g4 36. h3 gxf3 37. Kxf3 Ke6 38. c5 Kd7 39. Ra6
g5 40. cxd6 Rxd6 41. Ra3 Ke6 42. Ke3 Kf6 43. Ra8 f4+ 44. Kf3 Rd3+ 45. Kf2 Kf5
46. Rf8+ Ke4 47. Ra8 Rd2+ 48. Kf1 Ke3 49. Kg1 Rd1+ 50. Kh2 e4 51. Ra5 Kd2 52.
Rxg5 e3 53. Rd5+ Ke1 54. Rf5 Rd4 55. h4 Kf2 56. Kh3 e2 57. Re5 Rd3+ 58. Kg4 Re3
59. Kxf4 e1=Q 60. Rxe3 Qxe3+ 0-1

[Event "Superettan(Wasa-Rockaden II,Sthlm)"]
[Site "?"]
[Date "2008.10.25"]
[Round "1"]
[White "Hanninger, Simon"]
[Black "Hellborg, Teodor"]
[Result "1/2-1/2"]
[WhiteElo "2299"]
[BlackElo "2379"]
[PlyCount "38"]

1. e4 c5 2. Nc3 Nc6 3. g3 g6 4. Bg2 Bg7 5. d3 d6 6. Nh3 Nd4 7. O-O Nf6 8. Nf4
Bg4 9. f3 Bd7 10. Be3 O-O 11. Qd2 Bc6 12. Ncd5 Nxd5 13. exd5 Ba4 14. b3 Bd7 15.
c3 Nf5 16. Bf2 e6 17. dxe6 fxe6 18. Ne2 Bc6 19. d4 b6 1/2-1/2

[Event "Superettan(Wasa-Rockaden II,Sthlm)"]
[Site "?"]
[Date "2008.10.25"]
[Round "1"]
[White "Genkin, Michael"]
[Black "Berggren, Jonatan"]
[Result "1-0"]
[WhiteElo "2336"]
[BlackElo "2249"]
[PlyCount "91"]

1. d4 Nf6 2. c4 c5 3. d5 b5 4. cxb5 a6 5. b6 e6 6. Nc3 Nxd5 7. Nxd5 exd5 8.
Qxd5 Nc6 9. Nf3 Bb7 10. e3 Rb8 11. Qd2 Qxb6 12. Be2 Be7 13. O-O Rd8 14. b3 d5
15. Bb2 d4 16. exd4 cxd4 17. Ne1 O-O 18. Nd3 Bf6 19. Bf3 Ne5 20. Bxb7 Nxd3 21.
Qxd3 Qxb7 22. Rfe1 Rfe8 23. h3 g6 24. Rad1 Qb4 25. Rxe8+ Rxe8 26. Bxd4 Re1+ 27.
Rxe1 Qxe1+ 28. Kh2 Be5+ 29. Bxe5 Qxe5+ 30. Qg3 Qa5 31. a4 Qb6 32. Qe3 Qb4 33.
g3 h5 34. h4 Qb7 35. Qc5 Qxb3 36. Qc8+ Kg7 37. Qxa6 Qf3 38. Qb6 Qf5 39. a5 g5
40. hxg5 Qxg5 41. a6 h4 42. Qd4+ Kf8 43. gxh4 Qe7 44. a7 Qc7+ 45. Kh3 Qb7 46.
Qd8+ 1-0

[Event "Superettan(Wasa-Rockaden II,Sthlm)"]
[Site "?"]
[Date "2008.10.25"]
[Round "1"]
[White "Olofsson, Dan"]
[Black "Astrom, Goran"]
[Result "0-1"]
[WhiteElo "2239"]
[BlackElo "2270"]
[PlyCount "78"]

1. e4 c5 2. Nf3 e6 3. Nc3 a6 4. d4 cxd4 5. Nxd4 Qc7 6. Be2 Nf6 7. O-O Be7 8. f4
d6 9. Kh1 Nc6 10. Be3 O-O 11. Qe1 Nxd4 12. Bxd4 b5 13. e5 Nd7 14. exd6 Bxd6 15.
Qh4 Bb7 16. Bd3 f5 17. Rae1 Rae8 18. Re3 Rf7 19. Ne2 Nf8 20. Qg3 Nd7 21. Bxf5
Nf8 22. Bg4 e5 23. Rc3 Qb8 24. Bg1 exf4 25. Qh3 f3 26. Bxf3 Rxf3 27. Rcxf3 Rxe2
28. R3f2 Re8 29. Qb3+ Kh8 30. a4 Bc6 31. axb5 Qxb5 32. Qc3 Ng6 33. b3 Be5 34.
Qd2 Bf6 35. Re1 Rd8 36. Qe2 Qd5 37. c4 Qd7 38. Qe6 Qb7 39. Rxf6 Bxg2# 0-1